banner koha

Environmental vulnerability of Itabira Natural Monument, ES, Brazil (Registro n. 338555)

MARC details
000 -LÍDER
fixed length control field 05176nab a2200373 4500
003 - CÓDIGO MARC DA AGÊNCIA CATALOGADORA
Campo de controle BR-BrBNA
005 - DATA E HORA DA ÚLTIMA ATUALIZAÇÃO
Campo de controle 20251003115404.0
008 - CAMPO DE TAMANHO FIXO
fixed length control field 251003b2023 bl.ar|pooa||| 00| 0 eng |
040 ## - FONTE DA CATALOGAÇÃO
Agência catalogadora BR-BrBNA
Idioma da catalogação por
072 ## - CATEGORIA AGRIS
Código AGRIS P01 ; E11 ; U40
100 ## - ENTRADA PRINCIPAL - NOME PESSOAL
Nome pessoal Scaramussa, Larissa Marin
100 ## - ENTRADA PRINCIPAL - NOME PESSOAL
Nome pessoal Borges, Luís Antônio Coimbra
100 ## - ENTRADA PRINCIPAL - NOME PESSOAL
Nome pessoal Santos, Alexandre Rosa dos
100 ## - ENTRADA PRINCIPAL - NOME PESSOAL
Nome pessoal Vieira, Marlice Paes Leme
100 ## - ENTRADA PRINCIPAL - NOME PESSOAL
Nome pessoal Pautz, Clebson
100 ## - ENTRADA PRINCIPAL - NOME PESSOAL
Nome pessoal Scaramussa, Marcela
100 ## - ENTRADA PRINCIPAL - NOME PESSOAL
Nome pessoal Souza, Rayana Marcelino de
245 ## - TÍTULO PRINCIPAL
Título principal Environmental vulnerability of Itabira Natural Monument, ES, Brazil
500 ## - NOTA GERAL
Nota geral Summaries (En, Pt); 15 ref.; 5 illus.
942 ## - ADDED ENTRY ELEMENTS (KOHA)
Koha item type Analítica
520 ## - NOTA DE RESUMO
Nota de conteúdo ABSTRACT – The institution of biological value areas through the creation of Natural Protected Areas is an essential tool for protecting the country’s environmental resources to face advanced anthropic development in natural areas, either to increase agriculture production or for economic growth. Environmental vulnerability studies combined with geotechnological tools have been vital to identifying the most vulnerable areas and consequently help Conservation Units protection. This study aimed to analyze environmental vulnerability at the buffer zone of Itabira Natural Monument (MONAI) in Cachoeiro de Itapemirim, Brazil. The necessary methodological steps for this study were as follows: a) Photointerpretation of land use; b) Anthropic variables selection; c) Application of Euclidean distance function in variables vector images; d) Application of fuzzy membership function in variables raster images; e) Application of Analytical Hierarchical Process (AHP); and f) Spatial classification of environmental vulnerability around MONAI. Land use conflicts reveal a relevant presence of pasture areas, representing 49.80% of the buffer zone. This fact corroborates with its Euclidean distance value, which showed the lowest linear value, 836 meters. Eight anthropic variables have been incorporated, highlighting crops, urban areas, exposed soil and pasture. Jenks natural breaks defined five vulnerability classes. According to the results, 57.14% of the entire MONAI buffer zone is represented by the high and very high classes. The outdated law creation of MONAI and the need for a management plan result<br/>in a vulnerable buffer zone. The present study can support management plan formulation and assist MONAI’ buffer zone delimitation. Keywords: Natural Protected Areas; Buffer zone; Geotechnology.
520 ## - NOTA DE RESUMO
Nota de conteúdo RESUMO – A instituição de áreas de elevado valor biológico por meio da criação Unidades de Conservação (UC’s) tem se tornado importante instrumento de proteção aos recursos ambientais no país, frente ao desenfreado avanço antrópico sobre ambientes naturais. Os estudos de vulnerabilidade ambiental aliados à geotecnologia têm se mostrado uma relevante ferramenta na identificação de áreas mais vulneráveis, e, consequentemente, no gerenciamento e proteção das UC’s. Este trabalho objetivou analisar a vulnerabilidade ambiental no entorno do Monumento Natural do Itabira (MONAI), localizado no município de Cachoeiro de Itapemirim/ES, por meio de ferramentas geotecnológicas e inteligência artificial. As etapas metodológicas necessárias para este estudo foram: a) fotointerpretação do uso e ocupação da terra; b) seleção das variáveis antrópicas; c) aplicação da distância euclidiana nos vetores representativos das variáveis; d) aplicação da lógica Fuzzy nas matrizes das variáveis de distância euclidiana; e) aplicação do método Hierárquico Analítico (AHP); e f) espacialização das áreas de vulnerabilidade ambiental no entorno do MONAI. Os conflitos de uso e ocupação da terra demonstraram presença majoritária de pastagens, representando 49,80% da área de estudo, corroborando com o cálculo da distância euclidiana que atribuiu a esta variável o menor valor linear em relação à UC, 836 metros. Dentre as 5 classes de vulnerabilidade definidas pelas quebras naturais de Jenks, observou-se que 57,14% do entorno do MONAI é representado pelas classes alta e muito alta. A desatualização da lei de criação do MONAI e a inexistência de plano de manejo implicam no mapeamento de uma zona de amortecimento majoritariamente vulnerável ambientalmente. O presente estudo pode subsidiar a elaboração do plano de manejo e a demarcação da zona de amortecimento do MONAI. Palavras-Chave: Unidade de conservação; Zona de amortecimento; Geotecnologias.
650 ## - ASSUNTO - THESAGRO
Cabeçalho tópico ou nome geográfico MONUMENTO NATURAL DE ITABIRA
650 ## - ASSUNTO - THESAGRO
Cabeçalho tópico ou nome geográfico ESPÍRITO SANTO
650 ## - ASSUNTO - THESAGRO
Cabeçalho tópico ou nome geográfico UNIDADE DE CONSERVAÇÃO
650 ## - ASSUNTO - THESAGRO
Cabeçalho tópico ou nome geográfico PROTEÇÃO AMBIENTAL
650 ## - ASSUNTO - THESAGRO
Cabeçalho tópico ou nome geográfico GESTÃO AMBIENTAL
650 ## - ASSUNTO - THESAGRO
Cabeçalho tópico ou nome geográfico FOTOINTERPRETAÇÃO
650 ## - ASSUNTO - THESAGRO
Cabeçalho tópico ou nome geográfico USO DA TERRA
650 ## - ASSUNTO - THESAGRO
Cabeçalho tópico ou nome geográfico MANEJO
773 0# - ENTRADA ANALÍTICA
Host Biblionumber 812
Registro do item 346930
Imprenta Viçosa-MG Sociedade de Investigações Florestais - Universidade Federal de Viçosa. Depto. de Engenharia Florestal 1977
Outro identificador 2024-7728
Título Revista Árvore (Brazil)
ISSN 0100-6762
Colação v. 47 p. 1-12; (2023)
Número de controle de registro BR2025003791
856 ## - ACESSO E ENDEREÇO ELETRÔNICO
Identificador uniforme de recurso - URI https://www.scielo.br/j/rarv/a/RV6wGWDhvcM9dCC9RjcYJFm/?format=pdf&lang=en

Nenhum exemplar disponível.

BINAGRI

Telefone: (61)3218-2567/2388/3357/2097 - binagri@agro.gov.br

Ministério da Agricultura e Pecuária , Esplanada dos Ministérios, Bloco D, Anexo B, Brasília/DF, CEP: 70.043-900